| 000 | 02004nam a22003017i 4500 | ||
|---|---|---|---|
| 999 |
_c22918 _d22918 |
||
| 003 | AR-CdUCM | ||
| 008 | 240522b20222022 pe||||| |||| 00| 0 spa d | ||
| 020 | _a978-612-49142-2-5 | ||
| 040 |
_aMUNICIPALIDAD PROVINCIAL DEL CUSCO _cBIBLIOTECA MUNICIPAL DEL CUSCO |
||
| 082 |
_a304.80985 / A76 _bA76 |
||
| 100 |
_aAronés Palomino, Mariano _949962 |
||
| 245 | _aLos atajos de la migración y las posibilidades de la patria después de doscientos años / | ||
| 260 |
_aLima : _bMinisterio de Cultura del Perú, _bProyecto Especial Bicentenario de la Independencia del Perú, _c2022 |
||
| 300 |
_a184 páginas. : _c21 cm. |
||
| 500 | _zBibliografía: páginas 177 - 181 | ||
| 505 | _aLa traición del espejo y la difícil peruanidad -- La primera migración -- De cariños distantes, pero eternos -- "Juan Estera" y la extraña resurrección de los dioses -- El siglo XX "corto" -- El mito del progreso y la modernización etnocida -- La muerte de la comunidad y del migrante -- Los Shapis como fondo musical -- Los procesos de desplazamiento forzado -- El heroísmo de la migración -- La letra entra con sangre... y también con "revolución" -- Las chicherías y los rituales de despedida -- El mito de la escuela -- Las ánforas de Chuschi -- El pollo de Ate y el Perú de Los Mojarras -- Las otras, pequeñas y dramáticas migraciones -- Desborde popular -- El sombrero chotano y la "migración" del bicentenario | ||
| 650 |
_aLa primera migración _949963 |
||
| 650 |
_aEl mito del progreso y la modernización etnocida _949964 |
||
| 650 |
_aLa muerte de la comunidad y del migrante _949965 |
||
| 650 |
_aLos Shapis como fondo musical _949966 |
||
| 650 |
_aLos procesos de desplazamiento forzado _949967 |
||
| 650 |
_aEl heroísmo de la migración _949968 |
||
| 650 |
_aLas chicherías y los rituales de despedida _949969 |
||
| 650 |
_aEl pollo de Ate y el Perú de Los Mojarras _949970 |
||
| 856 | _fwww.bicentenario.gob.pe/biblioteca | ||
| 942 |
_2ddc _cLIBROS |
||
| 945 |
_apbj _d2024-05-22 |
||